Polstermöbel und textile Raumausstattungen : vom Handwerk zur Wissenschaft

"Seit langem fordern Kunsthistoriker und Restauratoren eine sachgerechte und praxisbezogene Untersuchung zu Polstermöbeln und textilen Raumausstattungen. Der Band bietet sowohl einen historischen Überblick von der Antike bis ins 20. Jahrhundert als auch konkrete Einblicke in das Handwerk eine...

Full description

Saved in:
Bibliographic Details
Main Authors: Bothe, Rolf (Author, VerfasserIn)
Rietz, Andreas (VerfasserIn)
Document Type: Book
Language:German
Published: Regensburg : Schnell + Steiner , 2019
Edition:1. Auflage
Subjects:
Online Access:Inhaltsverzeichnis
Inhaltstext
Related Items:Rezensiert in: [Rezension von: Rolf Bothe, Andreas Rietz, Polstermöbel und textile Raumausstattungen - Michel Chauveau u.a. (Hrsg.), L'art de suspendre les rideaux - Annabel Westman, Fringe, Frog & Tassel]
Author Notes:Rolf Bothe und Andreas Rietz
LEADER 06092cam a2201069 c 4500
001 1041655681
003 DE-627
005 20251224213430.0
007 tu
008 181204s2019 gw ||||| 00| ||ger c
010 |a  2021379441 
015 |a 18,N48  |2 dnb 
016 7 |a 1172018731  |2 DE-101 
020 |a 379543419X  |q  : circa EUR 39.00 (DE)  |9 3-7954-3419-X 
020 |a 9783795434199  |q  : circa EUR 39.00 (DE)  |9 978-3-7954-3419-9 
024 3 |a 9783795434199 
035 |a (DE-627)1041655681 
035 |a (DE-599)DNB1172018731 
035 |a (OCoLC)1076503747 
040 |a DE-627  |b ger  |c DE-627  |e rda 
041 |a ger 
044 |c XA-DE-BY 
050 0 |a NK2551 
082 0 |a 747.509  |q DE-101 
082 0 4 |a 740  |a 720  |a 670  |q DE-101 
084 |a KUNST  |q DE-16  |2 fid 
084 |a ZH 8630  |q DE-520  |2 rvk  |0 (DE-625)rvk/156276: 
084 |a 21.82  |2 bkl 
084 |a 21.86  |2 bkl 
084 |a 20.15  |2 bkl 
100 1 |a Bothe, Rolf  |d 1939-  |e VerfasserIn  |0 (DE-588)124932932  |0 (DE-627)368368319  |0 (DE-576)160382882  |4 aut 
245 1 0 |a Polstermöbel und textile Raumausstattungen  |b vom Handwerk zur Wissenschaft  |c Rolf Bothe und Andreas Rietz 
250 |a 1. Auflage 
264 1 |a Regensburg  |b Schnell + Steiner  |c 2019 
300 |a 256 Seiten  |b Illustrationen  |c 28 cm x 22 cm 
336 |a Text  |b txt  |2 rdacontent 
336 |a unbewegtes Bild  |b sti  |2 rdacontent 
337 |a ohne Hilfsmittel zu benutzen  |b n  |2 rdamedia 
338 |a Band  |b nc  |2 rdacarrier 
520 |a "Seit langem fordern Kunsthistoriker und Restauratoren eine sachgerechte und praxisbezogene Untersuchung zu Polstermöbeln und textilen Raumausstattungen. Der Band bietet sowohl einen historischen Überblick von der Antike bis ins 20. Jahrhundert als auch konkrete Einblicke in das Handwerk eines Polsterers sowie verschiedene Polster- und Dekorationstechniken. Der Untersuchungsraum betrifft vor allem Schlösser und deren Ausstattung. Ausgewählt wurden internationale Beispiele mit Schwerpunkt auf deutschen Sitzmöbeln und Draperien. Als problematisch für die Erhaltung historischer Räumlichkeiten erweisen sich fast immer die textilen Ausstattungen, die Wandbespannungen und Vorhänge, die Polsterungen und Bezugsstoffe, die durch Alter und Gebrauch unansehnlich geworden sind. Ausserdem waren sie vom Geschmack ihrer Bewohner und einer sich schnell wandelnden Mode abhängig und wurden oft verändert. Möbel, Kunsthandwerk, Gemälde und selbst Erinnerungsstücke verleihen aber den Räumen ihren charakteristischen Gesamteindruck, vermitteln Wohngefühl und den Geschmack der Zeit. Aus diesen Gründen sollten in historischen Räumen die ursprünglichen Zusammenhänge bewahrt oder wiederhergestellt werden"--Page 4 of cover 
583 1 |a Archivierung/Langzeitarchivierung gewährleistet  |f FID  |x XA-DE-BW  |2 pdager  |5 DE-16 
650 0 |a Upholstered furniture  |z Germany  |x History  |2 DLC 
650 0 |a Interior decoration  |z Germany  |x History  |2 DLC 
650 4 |a Meubles rembourrés - Allemagne - Histoire 
650 4 |a Décoration intérieure - Allemagne - Histoire 
650 4 |a Interior decoration  |0 (OCoLC)fst00976327 
650 4 |a Upholstered furniture  |0 (OCoLC)fst01162067 
650 4 |a History  |0 (OCoLC)fst01411628 
651 4 |a Germany  |0 (OCoLC)fst01210272 
689 0 0 |d s  |0 (DE-588)4115704-7  |0 (DE-627)105812307  |0 (DE-576)209495405  |a Raumausstattung  |2 gnd 
689 0 1 |d s  |0 (DE-588)4059624-2  |0 (DE-627)104704667  |0 (DE-576)209131470  |a Textilkunst  |2 gnd 
689 0 2 |d s  |0 (DE-588)4175080-9  |0 (DE-627)105367184  |0 (DE-576)209961244  |a Polstermöbel  |2 gnd 
689 0 3 |a z  |2 gnd  |a Geschichte Anfänge-1924 
689 0 |5 DE-101 
689 1 0 |d s  |0 (DE-588)7696504-1  |0 (DE-627)571555845  |0 (DE-576)321443217  |a Polsterhandwerk  |2 gnd 
689 1 1 |d s  |0 (DE-588)4002786-7  |0 (DE-627)10639200X  |0 (DE-576)208848703  |a Arbeitstechnik  |2 gnd 
689 1 2 |a z  |2 gnd  |a Geschichte 
689 1 |5 DE-101 
689 2 0 |d s  |0 (DE-588)4115704-7  |0 (DE-627)105812307  |0 (DE-576)209495405  |a Raumausstattung  |2 gnd 
689 2 1 |d s  |0 (DE-588)4059624-2  |0 (DE-627)104704667  |0 (DE-576)209131470  |a Textilkunst  |2 gnd 
689 2 2 |d s  |0 (DE-588)4175080-9  |0 (DE-627)105367184  |0 (DE-576)209961244  |a Polstermöbel  |2 gnd 
689 2 3 |a z  |2 gnd  |a Geschichte 
689 2 |5 (DE-627) 
689 3 0 |d s  |0 (DE-588)7696504-1  |0 (DE-627)571555845  |0 (DE-576)321443217  |a Polsterhandwerk  |2 gnd 
689 3 1 |d s  |0 (DE-588)4002786-7  |0 (DE-627)10639200X  |0 (DE-576)208848703  |a Arbeitstechnik  |2 gnd 
689 3 2 |a z  |2 gnd  |a Geschichte 
689 3 |5 (DE-627) 
700 1 |a Rietz, Andreas  |e VerfasserIn  |0 (DE-588)1193437938  |0 (DE-627)1672108004  |4 aut 
787 0 8 |i Rezensiert in  |a Ebeling, Jörg  |t [Rezension von: Rolf Bothe, Andreas Rietz, Polstermöbel und textile Raumausstattungen - Michel Chauveau u.a. (Hrsg.), L'art de suspendre les rideaux - Annabel Westman, Fringe, Frog & Tassel]  |d 2022  |w (DE-627)1878205404 
856 4 2 |u http://www.gbv.de/dms/weimar/toc/1041655681_toc.pdf  |m DE-601  |q application/pdf  |3 Inhaltsverzeichnis  |7 1 
856 4 2 |u http://deposit.dnb.de/cgi-bin/dokserv?id=3d4ea6f907a94c23b5ed5f68c5674222&prov=M&dok_var=1&dok_ext=htm  |m X: MVB  |q text/html  |v 2018-11-30  |x Verlag  |3 Inhaltstext  |7 1 
936 r v |a ZH 8630  |b Raumausstattung; innenarchitektonische Details allgemein  |k Technik  |k Architektur  |k Innenarchitektur  |k Raumausstattung; innenarchitektonische Details allgemein  |0 (DE-627)1270650920  |0 (DE-625)rvk/156276:  |0 (DE-576)200650920 
936 b k |a 21.82  |j Industriedesign  |0 (DE-627)106421298 
936 b k |a 21.86  |j Textilkunst  |0 (DE-627)106405594 
936 b k |a 20.15  |j Restaurierung  |j Konservierung  |j Fälschung  |x Kunstwissenschaften  |0 (DE-627)106406310 
951 |a BO 
990 |a Raumausstattung 
990 |a Textilkunst 
990 |a Polstermöbel 
990 |a Geschichte Anfänge-1924 
990 |a Polsterhandwerk 
990 |a Arbeitstechnik 
990 |a Geschichte 
990 |a Raumausstattung 
990 |a Textilkunst 
990 |a Polstermöbel 
990 |a Geschichte 
990 |a Polsterhandwerk 
990 |a Arbeitstechnik 
990 |a Geschichte 
991 |a Rezensiertes Werk 
999 |a KXP-PPN1041655681  |e 4967437109